Transforming the informal sector : (Record no. 12394)
[ view plain ]
| 000 -LEADER | |
|---|---|
| fixed length control field | 00864cam a22002535i 4500 |
| 001 - CONTROL NUMBER | |
| control field | 17601899 |
| 005 - DATE AND TIME OF LATEST TRANSACTION | |
| control field | 20230312144600.0 |
| 008 - FIXED-LENGTH DATA ELEMENTS--GENERAL INFORMATION | |
| fixed length control field | 130125s2012 tz a b 000 0 eng |
| 010 ## - LIBRARY OF CONGRESS CONTROL NUMBER | |
| LC control number | 2012314600 |
| 020 ## - INTERNATIONAL STANDARD BOOK NUMBER | |
| International Standard Book Number | 978 9987 25 050 5 |
| 050 00 - LIBRARY OF CONGRESS CALL NUMBER | |
| Classification number | HD 2346.5 |
| Item number | .T73 2012 |
| 245 00 - TITLE STATEMENT | |
| Title | Transforming the informal sector : |
| Remainder of title | how to overcome the challenges / |
| Statement of responsibility, etc | edited by Maliyamkono T. L. ...[et al.] |
| 260 ## - PUBLICATION, DISTRIBUTION, ETC. (IMPRINT) | |
| Place of publication, distribution, etc | Dar es Salaam : |
| Name of publisher, distributor, etc | TEMA Publishers Company Ltd., |
| Date of publication, distribution, etc | 2012 |
| 300 ## - PHYSICAL DESCRIPTION | |
| Extent | xiv, 416 p. : |
| Other physical details | ill., pictures, charts and graphs ; |
| Dimensions | 23 cm |
| 504 ## - BIBLIOGRAPHY, ETC. NOTE | |
| Bibliography, etc | Includes bibliographical references |
| 650 #0 - SUBJECT ADDED ENTRY--TOPICAL TERM | |
| Topical term or geographic name as entry element | Informal sector |
| 9 (RLIN) | 27780 |
| Topical term or geographic name as entry element | Economics |
| 9 (RLIN) | 75805 |
| 700 ## - ADDED ENTRY--PERSONAL NAME | |
| Personal name | T.L., Maliyamkono |
| 9 (RLIN) | 107013 |
| Personal name | H., Mason |
| 9 (RLIN) | 107014 |
| Personal name | P., Mugoya |
| 9 (RLIN) | 107015 |
| Personal name | R.G., Mutakyahwa |
| 9 (RLIN) | 107016 |
| Personal name | N., Osoro |
| 9 (RLIN) | 107017 |
| 942 ## - ADDED ENTRY ELEMENTS (KOHA) | |
| Source of classification or shelving scheme | Library of Congress Classification |
| Item type | Books |
| Withdrawn status | Lost status | Source of classification or shelving scheme | Damaged status | Not for loan | Collection code | Home library | Current library | Shelving location | Date acquired | Total Checkouts | Full call number | Barcode | Date last seen | Copy number | Price effective from | Koha item type |
|---|---|---|---|---|---|---|---|---|---|---|---|---|---|---|---|---|
| Library of Congress Classification | Non-fiction | Business, Economics and Law Library Collection | Business, Economics and Law Library Collection | General Collection | 29/07/2015 | HD 2346.5 .T73 2012 | 14763 | 29/07/2015 | C.1 | 29/07/2015 | Books |